000 00329nam a22001457a 4500
008 230413b ||||| |||| 00| 0 eng d
020 _a6117745
041 _aeng
080 _2SIXTH EDITION
_a72
082 _a72HIL
100 _a20
101 _aNDERTIM
245 _aWATER SUPPLY ENGINEERING
_cMcGRAW HILL
942 _2udc
_cBK
999 _c59532
_d59532